Statistics for Airports in the "six continent club"

Click here to take the quiz!

General Stats

  • This quiz has been taken 4 times
  • The average score is 5 of 6

Answer Stats

City% Correct
Doha
100%
Dubai
100%
London
100%
New York
100%
Chicago
50%
Johannesburg
25%

Score Distribution

Percentile by Number Answered

Percent of People with Each Score

Your Score History

You have not taken this quiz